[Event "Chelyabinsk"]
[Site "?"]
[Date "2019.01.15"]
[Round "4.9"]
[White "Dauletova, Gulmira"]
[Black "Remizov, Yaroslav"]
[Result "1-0"]
[BlackElo "2357"]
[WhiteElo "2240"]
[LiveChessVersion "1.4.8"]

1. e4 {[%clk 1:30:53]} c5 {[%clk 1:30:57]} 2. Nf3 {[%clk 1:30:55]} Nc6
{[%clk 1:31:23]} 3. d4 {[%clk 1:31:04]} cxd4 {[%clk 1:31:48]} 4. Nxd4
{[%clk 1:31:25]} Nf6 {[%clk 1:32:15]} 5. Nc3 {[%clk 1:31:34]} e5 {[%clk 1:32:41]}
6. Ndb5 {[%clk 1:31:55]} d6 {[%clk 1:33:08]} 7. Bg5 {[%clk 1:31:56]} a6
{[%clk 1:33:30]} 8. Na3 {[%clk 1:32:19]} b5 {[%clk 1:33:37]} 9. Nd5
{[%clk 1:32:27]} Be7 {[%clk 1:34:02]} 10. Bxf6 Bxf6 {[%clk 1:34:29]} 11. c4
{[%clk 1:33:04]} b4 {[%clk 1:34:39]} 12. Nc2 {[%clk 1:33:23]} O-O
{[%clk 1:35:01]} 13. g3 {[%clk 1:33:30]} Bg5 {[%clk 1:34:31]} 14. Bg2
{[%clk 1:33:35]} Be6 {[%clk 1:32:06]} 15. O-O {[%clk 1:33:23]} Rb8
{[%clk 1:31:41]} 16. b3 {[%clk 1:32:48]} a5 {[%clk 1:23:45]} 17. Qd3
{[%clk 1:31:52]} Qd7 {[%clk 1:08:05]} 18. Rad1 {[%clk 1:30:01]} Qa7
{[%clk 1:04:16]} 19. Kh1 {[%clk 1:29:40]} Bd8 {[%clk 0:44:14]} 20. f4
{[%clk 1:27:51]} f6 {[%clk 0:36:10]} 21. Nde3 {[%clk 1:07:36]} Bc7
{[%clk 0:30:32]} 22. Nf5 {[%clk 1:06:44]} Kh8 {[%clk 0:25:03]} 23. Qe2
{[%clk 1:06:41]} Rbd8 {[%clk 0:22:23]} 24. Rd3 {[%clk 1:06:11]} g6
{[%clk 0:19:47]} 25. Nfe3 {[%clk 1:00:35]} Bb6 {[%clk 0:12:26]} 26. f5
{[%clk 1:00:29]} Bf7 {[%clk 0:11:48]} 27. fxg6 {[%clk 0:51:56]} Bxg6
{[%clk 0:11:39]} 28. Qg4 {[%clk 0:46:54]} Ne7 {[%clk 0:02:35]} 29. Qh4
{[%clk 0:25:45]} Ng8 {[%clk 0:03:02]} 30. Nf5 {[%clk 0:24:35]} Bc5
{[%clk 0:02:40]} 31. Nce3 {[%clk 0:24:15]} Ne7 {[%clk 0:00:35]} 32. Nxe7
{[%clk 0:21:08]} Qxe7 {[%clk 0:01:05]} 33. Nd5 {[%clk 0:21:36]} Qg7
{[%clk 0:00:41]} 34. Rdf3 {[%clk 0:19:51]} Rf7 {[%clk 0:00:33]} 35. Bh3
{[%clk 0:12:17]} Rdf8 {[%clk 0:00:38]} 36. Bf5 {[%clk 0:10:49]} a4 37. Bxg6
{[%clk 0:10:49]} Qxg6 {[%clk 0:01:01]} 38. Rxf6 {[%clk 0:11:02]} Rxf6
{[%clk 0:00:34]} 39. Rxf6 {[%clk 0:11:30]} Rxf6 {[%clk 0:00:46]} 40. Qxf6+
{[%clk 0:11:58]} Qxf6 {[%clk 0:01:12]} 41. Nxf6 {[%clk 0:12:22]} axb3
{[%clk 0:00:34]} 42. axb3 {[%clk 0:12:50]} Kg7 {[%clk 0:00:36]} 43. Nd5
{[%clk 0:12:58]} Kg6 {[%clk 0:00:32]} 44. Kg2 {[%clk 0:13:05]} Kg5
{[%clk 0:00:39]} 45. Kf3 {[%clk 0:12:50]} 1-0

[Event "Chelyabinsk"]
[Site "?"]
[Date "2019.01.15"]
[Round "4.10"]
[White "Radzhabov, Rodion"]
[Black "Frolov, Ivan"]
[Result "0-1"]
[BlackElo "2210"]
[WhiteElo "2329"]
[LiveChessVersion "1.4.8"]

1. e4 {[%clk 1:30:58]} c6 {[%clk 1:20:57]} 2. Nc3 {[%clk 1:31:21]} d5
{[%clk 1:21:24]} 3. Qe2 {[%clk 1:31:47]} Nf6 {[%clk 1:21:41]} 4. e5
{[%clk 1:32:08]} Nfd7 {[%clk 1:22:05]} 5. f4 {[%clk 1:32:34]} e6 {[%clk 1:22:07]}
6. Nf3 {[%clk 1:32:45]} b5 {[%clk 1:22:25]} 7. d4 {[%clk 1:31:42]} b4
{[%clk 1:22:37]} 8. Nd1 {[%clk 1:26:02]} Ba6 {[%clk 1:22:54]} 9. Qf2
{[%clk 1:24:42]} Qb6 {[%clk 1:21:35]} 10. Bxa6 {[%clk 1:24:37]} Qxa6
{[%clk 1:21:39]} 11. Be3 {[%clk 0:43:16]} Be7 {[%clk 1:19:00]} 12. Qg3
{[%clk 0:32:47]} g6 {[%clk 1:17:04]} 13. h4 {[%clk 0:32:50]} c5 {[%clk 1:05:47]}
14. h5 {[%clk 0:31:36]} Rg8 {[%clk 1:00:56]} 15. hxg6 {[%clk 0:20:46]} hxg6
{[%clk 1:00:34]} 16. Nf2 {[%clk 0:18:23]} Nc6 {[%clk 1:00:09]} 17. Nd3
{[%clk 0:15:56]} b3 {[%clk 0:50:46]} 18. O-O {[%clk 0:15:24]} bxc2
{[%clk 0:40:14]} 19. Nxc5 {[%clk 0:15:27]} Nxc5 {[%clk 0:40:18]} 20. dxc5
{[%clk 0:15:53]} Qb5 {[%clk 0:40:12]} 21. Qf2 {[%clk 0:13:58]} Qxb2
{[%clk 0:36:22]} 22. Rac1 {[%clk 0:05:35]} Qa3 {[%clk 0:28:05]} 23. Rxc2
{[%clk 0:05:42]} Rb8 {[%clk 0:28:27]} 24. Nd4 {[%clk 0:05:15]} Kd7
{[%clk 0:28:38]} 25. Rfc1 {[%clk 0:04:03]} Rb4 {[%clk 0:26:35]} 26. Nb3
{[%clk 0:03:15]} Rgb8 {[%clk 0:25:24]} 27. Rd1 {[%clk 0:03:20]} a5
{[%clk 0:23:31]} 28. Qe2 {[%clk 0:01:57]} Qa4 {[%clk 0:23:00]} 29. Bd2
{[%clk 0:01:29]} Re4 {[%clk 0:21:28]} 30. Qf2 {[%clk 0:00:50]} Qb5
{[%clk 0:20:02]} 31. Be3 {[%clk 0:01:13]} Rc4 {[%clk 0:18:32]} 32. Rxc4
{[%clk 0:01:24]} Qxc4 {[%clk 0:17:09]} 33. Rc1 {[%clk 0:01:48]} Qd3
{[%clk 0:17:18]} 34. Nd4 {[%clk 0:01:16]} Nxd4 {[%clk 0:11:24]} 35. Bxd4
{[%clk 0:01:45]} Kc6 {[%clk 0:11:39]} 36. g3 {[%clk 0:01:05]} Rb4
{[%clk 0:10:40]} 37. Bb2 {[%clk 0:00:40]} Rc4 {[%clk 0:10:22]} 38. Kh2
{[%clk 0:00:54]} Bxc5 {[%clk 0:09:48]} 39. Qg2 {[%clk 0:00:51]} a4
{[%clk 0:09:27]} 40. a3 {[%clk 0:01:05]} Kb5 {[%clk 0:06:40]} 41. Rxc4
{[%clk 0:00:59]} Kxc4 {[%clk 0:06:18]} 42. Bc1 {[%clk 0:01:06]} Bd4
{[%clk 0:06:01]} 43. Qa2+ {[%clk 0:01:21]} Kb5 {[%clk 0:06:14]} 44. Qg2
{[%clk 0:01:17]} Qd1 {[%clk 0:04:38]} 45. Bd2 {[%clk 0:01:21]} Qh5+
{[%clk 0:04:57]} 46. Qh3 {[%clk 0:01:36]} Qxh3+ {[%clk 0:04:39]} 47. Kxh3
{[%clk 0:02:05]} Bc5 {[%clk 0:05:02]} 0-1